000 00498nam a2200157 i 4500
001 28250
003 ES-MaACL
005 20230906153815.0
007 t|
008 030116s1958 sp ||||1| spa d
100 1 _aBadenes Gasset, Ramón.
_924527
245 1 3 _aLa preferencia adquisitiva en el Derecho Español
_b: (Tanteo, retracto, opción) /
_cRamón Badenes Gasset.
260 _aBarcelona :
_bBosch,
_c1958 (
_fClarasó)
300 _a233 p. ;
_c23 cm.
852 _aES-MaACL
_jC-15398
_bR.43331
999 _c28250
_d28250